000 00411pab a2200181 454500
008 180718b2007 xxu||||| |||| 00| 0 eng d
100 _aFyfe, Nicholas
245 _a(In) civility and the city
260 _c2007
300 _ap.853-61.
362 _aMay
650 _aUrban development
700 _aKearns, Ade
700 _aBannister, Jon
773 _aUrban Studies
908 _aN
909 _a75401
999 _c75401
_d75401